00742nam a22002177a 4500003000400000005001700004007000300021008004100024020001800065040002500083082002300108100004500131245005800176260005100234300002000285500007000305586005100375586004800426650002400474650002600498OSt20221004121402.0ta140207s2012 dr 000 0 spa d a9789945475432 aDO-SdBNPbspacBNPHU 4aRD863.5bM953c2221 aMuñiz Patín, Moisés Ignaciod1969-10aCuentos mundanos /cMoisés Ignacio Muñiz Patín  aSanto Domingo :bEdiciones Rumbo Norte,c2012. a82 p. ;c23 cm. aIncluye datos biográficos del autor en la solapa de la portada. aPrimer Concurso Regional de Literatura, 2011.  aPremio Cuento ¨Virgilio Díaz Grullón¨ 4aCuentos dominicanos 4aLiteratura dominicana